|
|
|
|
| LEADER |
00000nam a2200000Ia 4500 |
| 001 |
1636, 1637, 1638, 1639, 1640, 1641, 1642, 1643, 1644, 1645, 1646, 1647, 1648, 1649, 1650, 1651, 1652, 1653, 2238 |
| 008 |
160829s1981 - 1985 xx 000 0 cat d |
| 080 |
|
|
|a O-1-151, O-1-152, O-1-153, O-1-154, O-1-155, O-1-156, O-1-157, O-1-158, O-1-159, O-1-160, O-1-161, O-1-162, O-1-163, O-1-164, O-1-165, O-1-166, O-1-167, O-1-168, O-1-169
|
| 245 |
|
|
|a Gran geografia comarcal de Catalunya / redactor en cap:
|b Teresa Lloret ; sota la direcció de Max Cahner
|
| 260 |
|
|
|a Barcelona :
|b Fundació Enciclopèdia Catalana,
|c 1981 - 1985
|
| 300 |
|
|
|a 19 v. :
|b il., col. ;
|c 28 cm
|
| 590 |
|
|
|a Conté: v. 1: Osona, el Ripollès; v. 2: El Bages, el Berguedà, el Solsonès; v. 3: El Gironès, la Selva, la Garrotxa; v. 4: L'Alt Empordà, el Baix Empord; v. 5: Alt Penedès, Baix Penedès, Garraf, Anoia; v. 6: Vallès Occidental, Vallès Oriental, Maresme; v. 7: Tarragonés, Baix Camp, Alt Camp; v. 8: Barcelonès, Baix Llobregat; v. 9: Segarra, Urgell, Conca de Barberà; v. 10: Segrià, Garrigues, Noguera, Baix Cinca; v. 11: Priorat, Ribera d'Ebre, Terra Alta, Matarranya; v. 12: Pallars Sobirà, Pallars Jussà, Alta Ribagorça, Baixa Ribagorça, Llitera; v. 13: Baix Ebre, Montsià; v. 14: Rosselló, Fenolleda; v. 15: Vallespir, Conflent, Capcir, Baixa Cerdanya, Alta Cerdanya; v. 16: Alt Urgell, Vall d'Aran, Andorra; v. 17: Geografia general, 1; v. 18: Geografia general; v. 19: Cartografia de Catalunya : Recull històric
|
| 650 |
|
|
|a Comarques
|x Catalunya
|9 29217
|
| 651 |
|
0 |
|a Catalunya
|x Geografia
|9 56416
|
| 700 |
|
|
|a Lloret, Teresa
|9 39815
|
| 700 |
1 |
|
|a Cahner, Max,
|d 1936-2013
|e editor literari
|9 39816
|
| 901 |
|
|
|a Arxiu
|
| 942 |
|
|
|n 1
|2 udc
|
| 952 |
|
|
|0 0
|1 0
|4 0
|6 O1151_O1152_O1153_O1154_O1155_O1156_O1157_O1158_O1159_O1160_O1161_O1162_O1163_O1164_O1165_O1166_O1167_O1168_O1169
|7 1
|9 49240
|a Arxiu
|b Arxiu
|d 2016-12-01
|l 0
|o O-1-151, O-1-152, O-1-153, O-1-154, O-1-155, O-1-156, O-1-157, O-1-158, O-1-159, O-1-160, O-1-161, O-1-162, O-1-163, O-1-164, O-1-165, O-1-166, O-1-167, O-1-168, O-1-169
|p 1636, 1637, 1638, 16
|r 2016-12-01 00:00:00
|w 2016-12-01
|y ARXIU
|
| 999 |
|
|
|c 53080
|d 53080
|